A Mathematical Treatment of Dynamical Models in Biological Science /

Gespeichert in:
Bibliographische Detailangaben
Hauptverfasser: Smítalová, Kristína (Verfasst von), Šujan, Štefan (Verfasst von)
Format: Buch
Sprache:Englisch
Veröffentlicht: Bratislava : Veda, 1991
Tags: Tag hinzufügen
Keine Tags, Fügen Sie das erste Tag hinzu!

MARC

LEADER 00000nam a22000003a 4500
001 stu18927
005 20150617225752.2
008 920605s1991----cs------------------eng-d
020 |a 80-224-0245-1 
040 |a STU  |b slo 
041 0 |a eng 
044 |a cs 
080 |a 519.862.3 
100 1 |a Smítalová, Kristína  |4 aut 
245 1 |a A Mathematical Treatment of Dynamical Models in Biological Science /  |c [aut.]Smítalová,Kristína, Šujan,Štefan 
260 |a Bratislava :  |b Veda,  |c 1991 
300 |a 183 s :  |b Grafy,lit.,index 
700 1 |a Šujan, Štefan  |4 aut 
996 |b C89815  |c C*89815  |l CCXX  |s P  |a 0  |w stu18927_0001